|
|
|
|
| LEADER |
00000cam a2200000 c 4500 |
| 001 |
1909913456 |
| 003 |
DE-627 |
| 005 |
20260419164551.0 |
| 007 |
cr uuu---uuuuu |
| 008 |
241129s2024 xxk|||||o 00| ||eng c |
| 020 |
|
|
|a 9780198909828
|q ebook
|9 978-0-19-890982-8
|
| 024 |
7 |
|
|a 10.1093/9780198909828.001.0001
|2 doi
|
| 035 |
|
|
|a (DE-627)1909913456
|
| 035 |
|
|
|a (DE-599)KEP110117328
|
| 035 |
|
|
|a (OCoLC)1474010252
|
| 035 |
|
|
|a (UK-OxUP)9780198909828
|
| 035 |
|
|
|a (DE-627-1)110117328
|
| 040 |
|
|
|a DE-627
|b ger
|c DE-627
|e rda
|
| 041 |
|
|
|a eng
|
| 044 |
|
|
|c XA-GB
|c XD-US
|
| 082 |
0 |
|
|a 364.9409034
|2 23
|
| 084 |
|
|
|a PH 8070
|q SEPA
|2 rvk
|0 (DE-625)rvk/136487:
|
| 100 |
1 |
|
|a Kivivuori, Janne
|e VerfasserIn
|0 (DE-588)1253452911
|0 (DE-627)1795550325
|4 aut
|
| 109 |
|
|
|a Kivivuori, Janne
|
| 245 |
1 |
0 |
|a Crime and civilization
|b the birth of criminology in the early nineteenth century
|c Janne Kivivuori (professor of criminology, Institute of criminology and legal policy, University of Helsinki, Finland)
|
| 264 |
|
1 |
|a Oxford, United Kingdom
|a New York, NY, United States of America
|b Oxford University Press
|b Oxford University Press
|c [2024]
|
| 300 |
|
|
|a 1 Online-Ressource (xi, 236 Seiten)
|b Illustrationen
|c 23 cm
|
| 336 |
|
|
|a Text
|b txt
|2 rdacontent
|
| 337 |
|
|
|a Computermedien
|b c
|2 rdamedia
|
| 338 |
|
|
|a Online-Ressource
|b cr
|2 rdacarrier
|
| 490 |
0 |
|
|a Clarendon studies in criminology
|
| 490 |
0 |
|
|a Oxford scholarship online
|
| 520 |
|
|
|a Drawing on original French, German, and English publications, 'Crime and Civilization' explores the rise of data-based criminology as an intellectual field in continental Europe in the early nineteenth century, spanning from Enlightenment philosophers to the general rise of science in society.
|
| 650 |
|
0 |
|a Criminology
|x History
|y 19th century
|z Europe
|
| 650 |
|
0 |
|a Criminal statistics
|x History
|y 19th century
|z Europe
|
| 650 |
|
4 |
|a True Crime
|
| 650 |
|
4 |
|a Social services & welfare, criminology
|
| 689 |
0 |
0 |
|d g
|0 (DE-588)4015701-5
|0 (DE-627)104289007
|0 (DE-576)208913092
|a Europa
|2 gnd
|
| 689 |
0 |
1 |
|d s
|0 (DE-588)4033197-0
|0 (DE-627)106258532
|0 (DE-576)209000562
|a Kriminologie
|2 gnd
|
| 689 |
0 |
2 |
|d s
|0 (DE-588)4129356-3
|0 (DE-627)105710504
|0 (DE-576)209609834
|a Evidenz
|2 gnd
|
| 689 |
0 |
3 |
|d s
|0 (DE-588)4056995-0
|0 (DE-627)106152955
|0 (DE-576)209119799
|a Statistik
|2 gnd
|
| 689 |
0 |
4 |
|d s
|0 (DE-588)4138026-5
|0 (DE-627)105645613
|0 (DE-576)209682604
|a Positivismus
|2 gnd
|
| 689 |
0 |
5 |
|d s
|0 (DE-588)4020517-4
|0 (DE-627)106317768
|0 (DE-576)208933697
|a Geschichte
|2 gnd
|
| 689 |
0 |
|
|5 (DE-627)
|
| 776 |
1 |
|
|z 9780198909798
|
| 776 |
0 |
8 |
|i Erscheint auch als
|n Druck-Ausgabe
|a Kivivuori, Janne
|t Crime and civilization
|d Oxford, United Kingdom : Oxford University Press, 2024
|h xi, 236 Seiten
|w (DE-627)191222321X
|z 9780198909798
|k Non-Electronic
|
| 856 |
4 |
0 |
|u https://doi.org/10.1093/9780198909828.001.0001
|m X:OXFORD
|x Resolving-System
|z lizenzpflichtig
|3 Volltext
|7 1
|
| 912 |
|
|
|a ZDB-28-OSD
|
| 912 |
|
|
|a ZDB-28-OSL
|b 2024
|
| 912 |
|
|
|a GBV-28-OUP-SBB
|
| 912 |
|
|
|a ZDB-28-OSD
|b 2024
|
| 912 |
|
|
|a EBS-28-HSS
|
| 935 |
|
|
|a mkri
|
| 936 |
r |
v |
|a PH 8070
|b Geschichte der Kriminologie
|k Rechtswissenschaft
|k Strafrecht, Strafverfahrensrecht, Kriminologie
|k Kriminologie
|k Allgemeines
|k Geschichte der Kriminologie
|0 (DE-627)1272237869
|0 (DE-625)rvk/136487:
|0 (DE-576)202237869
|
| 951 |
|
|
|a BO
|
| ELC |
|
|
|a 1
|
| LOK |
|
|
|0 000 xxxxxcx a22 zn 4500
|
| LOK |
|
|
|0 001 4687689051
|
| LOK |
|
|
|0 003 DE-627
|
| LOK |
|
|
|0 004 1909913456
|
| LOK |
|
|
|0 005 20250317102810
|
| LOK |
|
|
|0 008 250317||||||||||||||||ger|||||||
|
| LOK |
|
|
|0 040
|a DE-Frei85
|c DE-627
|d DE-Frei85
|
| LOK |
|
|
|0 852
|a DE-Frei85
|
| LOK |
|
|
|0 852 1
|m p
|9 00
|
| LOK |
|
|
|0 938
|k p
|
| LOK |
|
|
|0 939
|a 2025-03-17
|b l01
|
| ORI |
|
|
|a WA-MARC-krimdoka001.raw
|
| PDA |
|
|
|a yes
|